Statystyki dla Kolorowe kraje na świecie

Kliknij tutaj aby rozwiązać quiz!

Ogólne statystyki

  • Ten quiz został rozwiązany 37 razy
  • Średni wynik to 144 z 196

Odpowiedzi na mapie

Odpowiedzi skodowane kolorowo w zielono-czerwonej skali na mapie do tego quizu, zgodnie z poniższymi procentami.
 

Statystyki odpowiedzi

kraj% Poprawnych
Stany Zjednoczone
96%
Kanada
93%
Argentyna
89%
Brazylia
89%
Bułgaria
89%
Chiny
89%
Dania
89%
Francja
89%
Hiszpania
89%
Japonia
89%
Meksyk
89%
Niemcy
89%
Norwegia
89%
Polska
89%
Rosja
89%
Szwecja
89%
Turcja
89%
Ukraina
89%
Włochy
89%
Australia
85%
Białoruś
85%
Chile
85%
Czechy
85%
Finlandia
85%
Grecja
85%
Indie
85%
Indonezja
85%
Iran
85%
Korea Północna
85%
Korea Południowa
85%
Litwa
85%
Łotwa
85%
Madagaskar
85%
Mongolia
85%
Portugalia
85%
Słowacja
85%
Słowenia
85%
Wielka Brytania
85%
Algieria
81%
Arabia Saudyjska
81%
Austria
81%
Belgia
81%
Boliwia
81%
Bośnia i Hercegowina
81%
Egipt
81%
Ekwador
81%
Estonia
81%
Holandia
81%
Irlandia
81%
Kazachstan
81%
Kolumbia
81%
Libia
81%
Maroko
81%
Oman
81%
Papua-Nowa Gwinea
81%
Republika
Południowej Afryki
81%
Rumunia
81%
Somalia
81%
Sudan
81%
Szwajcaria
81%
Węgry
81%
Afganistan
78%
Bangladesz
78%
Czad
78%
Dominika
78%
Irak
78%
Islandia
78%
Jemen
78%
Kuba
78%
Macedonia Północna
78%
Malta
78%
Nepal
78%
Nowa Zelandia
78%
Pakistan
78%
Peru
78%
Tajwan
78%
Tunezja
78%
Uganda
78%
Urugwaj
78%
Wenezuela
78%
Wietnam
78%
Zjednoczone
Emiraty Arabskie
78%
Albania
74%
Andora
74%
Angola
74%
Armenia
74%
Czarnogóra
74%
Dem Rep Konga
74%
Dominikana
74%
Gruzja
74%
Gujana
74%
Izrael
74%
Jordania
74%
Kamerun
74%
Kongo
74%
Kostaryka
74%
Mikronezja
74%
Mołdawia
74%
Monako
74%
Niger
74%
Panama
74%
Paragwaj
74%
Serbia
74%
Sudan Południowy
74%
Syria
74%
Uzbekistan
74%
Watykan
74%
Belize
70%
Burkina Faso
70%
Côte d'Ivoire
70%
Cypr
70%
Filipiny
70%
Ghana
70%
Haiti
70%
Katar
70%
Kenia
70%
Kuwejt
70%
Liban
70%
Luksemburg
70%
Mali
70%
Mjanma
70%
Namibia
70%
Nigeria
70%
San Marino
70%
Tadżykistan
70%
Tajlandia
70%
Tanzania
70%
Turkmenistan
70%
Azerbejdżan
67%
Botswana
67%
Chorwacja
67%
Erytrea
67%
Eswatini
67%
Etiopia
67%
Gwinea
67%
Jamajka
67%
Kambodża
67%
Kirgistan
67%
Kosowo
67%
Laos
67%
Liechtenstein
67%
Malawi
67%
Malezja
67%
Mauretania
67%
Mozambik
67%
Republika
Środkowoafrykańska
67%
Rwanda
67%
Saint Lucia
67%
Salwador
67%
Samoa
67%
Singapur
67%
Sri Lanka
67%
Surinam
67%
Tonga
67%
Wyspy Salomona
67%
Zambia
67%
Bhutan
63%
Brunei
63%
Gabon
63%
Gambia
63%
Gwatemala
63%
Gwinea Równikowa
63%
Kiribati
63%
Lesotho
63%
Malediwy
63%
Mauritius
63%
Nikaragua
63%
Saint Kitts i Nevis
63%
Seszele
63%
Trynidad i Tobago
63%
Antigua i Barbuda
59%
Bahamy
59%
Bahrajn
59%
Cabo Verde
59%
Dżibuti
59%
Gwinea Bissau
59%
Honduras
59%
Liberia
59%
Nauru
59%
Palau
59%
Senegal
59%
Togo
59%
Tuvalu
59%
Vanuatu
59%
Wyspy Marshalla
59%
Wyspy Świętego
Tomasza i Książeca
59%
Zimbabwe
59%
Barbados
56%
Benin
56%
Fidżi
56%
Komory
56%
Saint Vincent
i Grenadyny
56%
Sierra Leone
56%
Timor-Leste
56%
Burundi
52%
Grenada
52%

Rozkład punktacji

Percentyl według liczby udzielonych odpowiedzi

Procent ludzi z każdym wynikiem

Twoja historia wyników

Nie rozwiązałeś tego quizu